000 01382cam a2200337 a 4500
003 CHAP
005 20220329142221.0
008 000223d1981 mx ab rn 00010 spa d
010 _a80056
011 _a81028
035 _a91487
040 _cCHAP
082 0 4 _a630.72
_bC72
110 2 _aColegio de Ingenieros Agrónomos de México, A. C.
_925057
245 1 0 _aLogros de la investigación agrícola en la Republica Mexicana
_c/por Colegio de Ingenieros Agrónomos de México, A. C.
260 _aMéxico, D. F. :
_bColegio de Ingenieros Agrónomos de México, A. C.,
_c1981
300 _a420p. ( c.a.) :
_bilus. ; gráfs. ; mapas ; cuadros
590 _aBATCH-UPD
_b10
_c20130110
_lUCH01
_h1016
590 _aBATCH-UPD
_b10
_c20130410
_lUCH01
_h0623
590 _aBATCH-UPD
_b10
_c20130913
_lUCH01
_h2106
590 _aCONVERSION
_b10
_c20130109
_lUCH01
_h1344
650 1 4 _aAgricultura
_xHistoria
_xMéxico.
_91521
650 1 4 _aAgricultura
_xInvestigación
_xMéxico.
_91643
901 _aBK
905 _aMarco A. Mendoza T.
942 _cLIBRO
949 _a630.72 C72
_bBC
_cBPA
_d914874
_eBPA
_fc.4
_gDonaciØn
_h102125
_i91487
_sb
949 _a630.72 C72
_bBC
_cLIBRO
_d33724000763348
_eLIBRO
_h94892
_i91487
_sex
949 _a630.72 C72
_bBC
_cLIBRO
_d33724000763355
_eLIBRO
_fc.2
_h94893
_i91487
_sb
949 _a630.72 C72
_bBC
_cLIBRO
_d33724000849097
_eLIBRO
_fc.3
_gDonaciØn
_h102124
_i91487
_sb
999 _c80056
_d80056